| 000 | 00532nam a22001577a 4500 | ||
|---|---|---|---|
| 003 | NUST | ||
| 082 | _a621 | ||
| 100 |
_a RIAZ ,UMAR _9122322 |
||
| 245 |
_aTensile Shear Testing of Double Strap Adhesive joints Using Cork Particles / _cUMAR RIAZ |
||
| 264 |
_aIslamabad: _bSMME- NUST. _c2017. |
||
| 300 |
_a50p. ; _bSoft Copy, _c30cm. |
||
| 650 |
_aMS Mechanical Engineering _9119495 |
||
| 700 |
_aSupervisor : Dr. Aamir Mubashar _9119655 |
||
| 856 | _uhttp://10.250.8.41:8080/xmlui/handle/123456789/24223 | ||
| 942 |
_2ddc _cTHE |
||
| 999 |
_c608827 _d608827 |
||